000 00692 a2200229 4500
005 20260407124227.0
008 260407b |||||||| |||| 00| 0 eng d
020 _a978-93-5516-566-4 (hbk)
037 _cTB
040 _aAL
_cAL
041 _2eng
_aeng
084 _aV41:194295.P1 R5
_qAL
100 _aKhan, Shimran
_91113988
245 _aChina Taiwan conflict
260 _aN. Delhi, India:
_bSumit Enterprises,
_c2025.
300 _a237p.
365 _a1495
_bINR
650 _aChina-History
_9815082
650 _aTaiwan-History
_91234236
942 _cTB
_2CC
_hV41:194295.P1 R5
999 _c1678717
_d1678717